00430nam a22001577a 4500003000400000008004100004082001700045100001800062245004100080250000900121260005000130300000800180650005000188700001600238700001800254OSt200715b ||||| |||| 00| 0 eng d a615.1901 GOT aGoyal, Anjali aText book of Pharmaceutical Analysis a2019 aNew DelhibBirla Publications Pvt. Ltd.c2019 a204 aPharmaceutical Analysis and Quality Assurance aGarg Rajeev aKaur, Baljeet